| 000 | 00507cam a2200157 4500 | ||
|---|---|---|---|
| 082 |
_a678.527 _bWES _cL-11, P-14 |
||
| 100 | 1 |
_aWest, J. M. _945121 |
|
| 245 | 1 | 0 |
_aElectrodeposition and corrosion processes _c[by] J.M. West. |
| 260 |
_aLondon, _aPrinceton, N.J., _bVan Nostrand _c[1965] |
||
| 300 |
_axii, 189 p. _billus. _c24 cm. |
||
| 526 |
_a0 _b0 _c0 _d678_527000000000000_WES |
||
| 650 | 0 |
_aCorrosion and anti-corrosives. _940953 |
|
| 650 | 0 |
_aElectroplating. _945059 |
|
| 650 | 0 |
_aMCE _9379 |
|
| 942 |
_2ddc _cBK |
||
| 999 |
_c548714 _d548714 |
||